000 00822nam a22002057a 4500
999 _c80899
_d80899
008 201130b ||||| |||| 00| 0 eng d
040 _bger
_cDE-2950
_erda
_aDE-2950
041 _ager
100 _aFreitag, Gerrit:
245 _aSpuren führen ins Mittelalter.
_bHistorischer Fund: Während der Sanierungsarbeiten im Frankfurter Rathaus gab es eine archäologische Entdeckung. Mauerfragmente geben Hinweise auf ein Kaufhaus aus dem 14. Jahrhundert /
_cGerrit Freitag
653 _aFrankfurt (Oder)
653 _aRathaus
653 _aSanierung
653 _aBaugeschichte
773 _dFrankfurt (Oder): Märkisches Verlags- und Druckhaus GmbH & Co KG
_g32. Jahrgang (2021) Nr. 76 vom 01.04.2021, S. 16
_tMärkische Oderzeitung
942 _cA